| 000 | 00558nas a2200229 u 4500 | ||
|---|---|---|---|
| 001 | 9328 | ||
| 005 | 20240209085555.0 | ||
| 008 | 951215uuuuuuuuu spa | ||
| 022 | _a0254-1572 | ||
| 035 | _a9328 | ||
| 040 | _ccomduadb | ||
| 041 | _aspa | ||
| 082 | 4 | _a745 | |
| 245 | 1 | 0 | _aArtesanĂa y Folklore de Venezuela (Caracas) |
| 260 | _aVenezuela. | ||
| 310 | _aMensual | ||
| 504 | _aContinua como: Artesania y Folklore. | ||
| 650 | 0 |
_aArtesanĂas _94770 |
|
| 650 |
_aVenezuela _941497 |
||
| 650 | 7 |
_aArtesanos _2 _94912 |
|
| 942 | _cREVISTA | ||
| 999 |
_c3003 _d3003 |
||